[Event "WW Open"]
[Site "?"]
[Date "2017.11.19"]
[Round "5.10"]
[White "Fathallah, Joe"]
[Black "Smith, Lynda"]
[Result "0-1"]
[WhiteElo "1963"]
[BlackElo "1967"]
[PlyCount "154"]
[EventDate "2017.12.01"]
[SourceDate "2017.12.01"]

1. d4 f5 2. h3 Nf6 3. g4 fxg4 4. hxg4 Nxg4 5. Qd3 g6 6. Nf3 d5 7. Nc3 Qd6 8. e4
c6 9. Ng5 Qf6 10. f3 h6 11. e5 Nxe5 12. dxe5 Qxe5+ 13. Be3 Bf5 14. Qd4 Bg7 15.
Qxe5 Bxe5 16. Nh3 d4 17. Bf4 Bxf4 18. Nxf4 dxc3 19. Bc4 cxb2 20. Rb1 e5 21. Ne6
Bxe6 22. Bxe6 Ke7 23. Bc4 Nd7 24. Rxb2 b5 25. Bd3 Kf6 26. Rb4 Nc5 27. Be2 g5
28. Kf2 Rad8 29. Ke3 a5 30. Rb2 Rd4 31. c3 Rd6 32. Bf1 h5 33. Rg2 Ne6 34. Rhg1
Rg8 35. a3 Nf4 36. Rb2 Nd5+ 37. Kd2 h4 38. c4 Nb6+ 39. Ke3 Nxc4+ 40. Bxc4 bxc4
41. Rc2 Rd3+ 42. Ke4 Rd4+ 43. Ke3 Rgd8 44. Rgc1 Rd3+ 45. Ke2 Rxa3 46. Rxc4 Rd6
47. R1c2 Kf5 48. Rc5 Rdd3 49. Rxa5 Rxa5 50. Kxd3 Ra3+ 51. Ke2 Ra6 52. Ke3 Ra3+
53. Kf2 e4 54. fxe4+ Kxe4 55. Rxc6 Ra2+ 56. Kg1 Kf3 57. Rc3+ Kg4 58. Rc4+ Kh5
59. Rc3 Ra4 60. Kh2 Kg4 61. Rb3 Re4 62. Ra3 Re2+ 63. Kh1 Kf4 64. Ra1 h3 65.
Rf1+ Kg3 66. Ra1 g4 67. Rf1 Rf2 68. Ra1 Re2 69. Rf1 Kh4 70. Ra1 g3 71. Ra4+ Kg5
72. Ra1 Kf4 73. Rf1+ Ke3 74. Ra1 Rd2 75. Re1+ Kd3 76. Kg1 Kc2 77. Rf1 Rd1 0-1

[Event "WW Open"]
[Site "?"]
[Date "2017.11.19"]
[Round "5.11"]
[White "Denham, Colin"]
[Black "Boyd, C Christopher"]
[Result "1/2-1/2"]
[WhiteElo "1643"]
[BlackElo "1950"]
[PlyCount "69"]
[EventDate "2017.12.01"]
[SourceDate "2017.12.01"]

1. e4 e5 2. Nf3 Nc6 3. Bc4 Bc5 4. Nc3 Nf6 5. O-O O-O 6. d3 h6 7. Ne2 d5 8. exd5
Nxd5 9. Bxd5 Qxd5 10. Nc3 Qd8 11. Ne4 Bb6 12. Be3 Bg4 13. Bxb6 axb6 14. h3 Bh5
15. Ng3 Bg6 16. Re1 Re8 17. Re2 Qd5 18. a3 Rad8 19. Qe1 Nd4 20. Nxd4 Qxd4 21.
Rb1 c5 22. b4 Qd5 23. bxc5 bxc5 24. Qc3 Rb8 25. Rb5 b6 26. a4 f6 27. a5 Qc6 28.
Rxb6 Rxb6 29. axb6 Qxb6 30. Ne4 Bxe4 31. Rxe4 Ra8 32. Qc4+ Kh7 33. Qc3 Ra5 34.
Qc4 Qa7 35. Qe6 1/2-1/2

[Event "WW Open"]
[Site "?"]
[Date "2017.11.19"]
[Round "5.12"]
[White "Di-Vetta, Andrew"]
[Black "Haigh, Tony"]
[Result "0-1"]
[WhiteElo "1806"]
[BlackElo "1870"]
[PlyCount "94"]
[EventDate "2017.12.01"]
[SourceDate "2017.12.01"]

1. e4 Nf6 2. e5 Nd5 3. c4 Nb6 4. d4 d6 5. Nf3 g6 6. Nc3 Bg7 7. Bf4 Nc6 8. Be2
Bg4 9. b3 dxe5 10. dxe5 Bxf3 11. Bxf3 Nxe5 12. Bxe5 Bxe5 13. Qc2 c6 14. Rd1 Qc7
15. g3 O-O 16. O-O Rad8 17. Ne4 Bg7 18. h4 Nd7 19. Bg2 Nf6 20. Nc5 b6 21. Na6
Qc8 22. Nb4 c5 23. Nc6 Rd7 24. Rxd7 Qxd7 25. Rd1 Qc7 26. Qe2 e6 27. Rd3 Nd7 28.
Qd1 Nb8 29. Nxb8 Qxb8 30. Rd7 Bd4 31. Qf3 Qe5 32. Rxa7 Qe1+ 33. Kh2 Bxf2 34.
Rb7 Bg1+ 35. Kh3 Qa5 36. Qc6 Qxa2 37. Rxb6 Qc2 38. Qf3 Qf5+ 39. Qxf5 gxf5 40.
Bc6 Rd8 41. Kg2 Bd4 42. Kf3 Be5 43. g4 fxg4+ 44. Kxg4 Rd4+ 45. Kh3 Rd3+ 46. Kg4
Kg7 47. Rb7 Kh6 0-1

[Event "WW Open"]
[Site "?"]
[Date "2017.11.19"]
[Round "5.13"]
[White "Buttell, David"]
[Black "Probert, Malcolm"]
[Result "1-0"]
[WhiteElo "1913"]
[BlackElo "1641"]
[PlyCount "73"]
[EventDate "2017.12.01"]
[SourceDate "2017.12.01"]

1. d4 g6 2. c4 Bg7 3. e4 d6 4. Nc3 e5 5. d5 f5 6. f3 Nf6 7. Bd3 O-O 8. Be3 Bd7
9. Qd2 c6 10. Nge2 cxd5 11. cxd5 fxe4 12. Nxe4 Nxe4 13. fxe4 Qe8 14. O-O-O Bb5
15. Kb1 Bxd3+ 16. Qxd3 Nd7 17. Rc1 b6 18. Nc3 Nc5 19. Bxc5 bxc5 20. Rhf1 Qd7
21. Rxf8+ Bxf8 22. Rf1 a6 23. Kc2 Qb7 24. Qh3 Qe7 25. Qf3 Kg7 26. Nd1 Rb8 27.
Ne3 Qb7 28. b3 a5 29. Qf6+ Kg8 30. Nc4 Qc7 31. h4 Ra8 32. g4 a4 33. h5 axb3+
34. axb3 Bg7 35. Qe6+ Kh8 36. Nxd6 Rf8 37. Nf7+ 1-0